Gaming Quiz

Random Gaming or Board Games Quiz

D&D Alignments (3rd Edition) Quiz Stats

 Plays Quiz Updated Nov 3, 2014

Score 0/9 Timer 01:00
0 Plays Today
Alignment % Correct
True Neutral
93.2%
Lawful Good
90.6%
Chaotic Good
90.2%
Chaotic Evil
89%
Chaotic Neutral
86.8%
Lawful Evil
86.7%
Lawful Neutral
84.6%
Neutral Good
81.6%
Neutral Evil
79.5%

You're not logged in!

Compare scores with friends on all Sporcle quizzes.
OR
Log In

Show Comments

Extras

Top Quizzes Today


Score Distribution

Your Account Isn't Verified!

In order to create a playlist on Sporcle, you need to verify the email address you used during registration. Go to your Sporcle Settings to finish the process.

Report this User

Report this user for behavior that violates our Community Guidelines.

Details: